Random First-Level Subdivision to Country - Statistics

General Stats
  • This quiz has been taken 5 times
  • The average score is 4 of 8
Answer Stats
Hint Answer % Correct
Monte Carlo Monaco
100%
Missouri USA
100%
Vitebsk Belarus
80%
Karakalpakstan Uzbekistan
60%
Kommuneqarfik Sermersooq Greenland
40%
Markaz Egypt
0%
Moyen-Comoe Ivory Coast
0%
Kapedo Uganda
0%
No matching quizzes found
Score Distribution
Percent of People with Each Score
Percentile by Number Answered
Your Score History
You have not taken this quiz